Central Library OPAC University of Rajshahi

The filamentous fungi / (Record no. 13364)

MARC details
000 -LEADER
fixed length control field 00976nam a2200301 a 4500
001 - CONTROL NUMBER
control field 13364
003 - CONTROL NUMBER IDENTIFIER
rucl marc code BD-RjUL
005 - DATE AND TIME OF LATEST TRANSACTION
control field 20211208235437.0
008 - FIXED-LENGTH DATA ELEMENTS--GENERAL INFORMATION
fixed length control field 140201s1983 enka b 001 0 eng
020 ## - INTERNATIONAL STANDARD BOOK NUMBER
International Standard Book Number 0713124679 (v.1)
International Standard Book Number 0713125373 (v.2)
International Standard Book Number 0713128577 (v.4)
035 ## - SYSTEM CONTROL NUMBER
System control number (BD-RjUL )13415
040 ## - CATALOGING SOURCE
Original cataloging agency DLC
Transcribing agency DLC
Modifying agency m.c
-- BD-RjUL
Language of cataloging eng
041 ## - LANGUAGE CODE
Language code of text/sound track or separate title eng
082 00 - DEWEY DECIMAL CLASSIFICATION NUMBER
Classification number 589.2
Author mark and year FIL 1983
245 04 - TITLE STATEMENT
Title The filamentous fungi /
Statement of responsibility, etc. edited by John E. Smith, David R. Berry and Bjorn Kristiansen.
Number of part/section of a work Volume 4 :
Name of part/section of a work Fungal technology.
260 ## - PUBLICATION, DISTRIBUTION, ETC. (IMPRINT)
Place of publication, distribution, etc. London :
Name of publisher, distributor, etc. Arnold,
Date of publication, distribution, etc. 1983.
300 ## - PHYSICAL DESCRIPTION
Pagination xiv, 401 p. :
Illustrations ill ;
Size 24 cm.
504 ## - BIBLIOGRAPHY, ETC. NOTE
Bibliography, etc Includes bibliographical references and indexes
650 #0 - SUBJECT ADDED ENTRY--TOPICAL TERM
Topical term or geographic name as entry element Mycology
9 (RLIN) 38449
700 1# - ADDED ENTRY--PERSONAL NAME
Personal name Berry, David R.
Fuller form of name (David Richard)
Personal name Kristiansen, B.
Fuller form of name (Bjørn)
Personal name Smith, John E.
Fuller form of name (John Edward),
Dates associated with a name 1932-
942 ## - ADDED ENTRY ELEMENTS (KOHA)
Source of classification or shelving scheme Dewey Decimal Classification
Koha item type Books
Holdings
Lost status Source of classification or shelving scheme Damaged status Not for loan Collection code Permanent Location Current Location Shelving location Date acquired Source of acquisition Cost, normal purchase price Total Checkouts Full call number Date last seen Copy number Koha item type
  Dewey Decimal Classification   Not For Loan Non-fiction Central Library, University of Rajshahi Central Library, University of Rajshahi Reading Room 22/05/1990 Karim International 50.00   589.2 FIL 1983 01/02/2014 C-1 Books